01384cam a2200313 a 4500999001700000001000900017003000400026005001700030008004100047010001700088020001500105035001800120040001600138042001400154050002400168100002200192245011400214260002800328300002900356440006900385500020700454504005400661610003400715650005000749650006300799906004500862942003600907952012700943 c27088d2708813447448OSt20170207115318.0031231s2003 fi a b 000 0 eng d a 2003509266 a9517465424 a(DLC)13447448 aCUcCUdDLC alccopycat00aNA1455.F5bC44 20031 aČeferin, Petra.10aConstructing a legend :bthe international exhibitions of Finnish architecture, 1957-1967 /cPetra Čeferin. aHelsinki :bSKS,c2003. a199 p. :bill. ;c23 cm. 0aSuomalaisen Kirjallisuuden Seuran toimituksia,x0355-1768 ;v945 a"Result of five years of doctoral research work conducted, in part, at the Faculty of Architecture, Helsinki University of Technology, and at the Faculty of Architecture, University of Ljubljana"--P. 7. aIncludes bibliographical references (p. 181-192).20aSuomen Rakennustaiteen Museo. 0aArchitecturezFinlandxHistoryy20th century. 0aArchitecturezFinlandxHistoryy20th centuryvExhibitions. a7bcbcccopycatd3encipf20gy-gencatlg 2lcccBOOKShNA 1455 .F5C44 2003 00102lcc4070aMUCbMUCcTECHd2017-02-07eDonation(B.F.A)l0oNA 1455 .F5C44 2003p34746r2018-08-02w2017-02-07yBOOKS